Nuevo cine argentino
Guardat en:
| Autor principal: | |
|---|---|
| Format: | Llibre |
| Idioma: | espanyol |
| Publicat: |
Buenos Aires
Paidós
2015
|
| Edició: | 1a. ed |
| Col·lecció: | Paidós Comunicación Cine
|
| Matèries: | |
| Etiquetes: |
Afegir etiqueta
Sense etiquetes, Sigues el primer a etiquetar aquest registre!
|
MARC
| LEADER | 00000cam a2200000 a 4500 | ||
|---|---|---|---|
| 001 | UCD6045 | ||
| 003 | CL-VaPUC | ||
| 008 | 161111e20150400ag |||||||||||||||||spa|d | ||
| 020 | |a 9789501202441 | ||
| 082 | 0 | 4 | |a 791.430982 |b AND |2 21 |
| 100 | 0 | |a Andermann, Jens |e author |9 589760 | |
| 245 | 1 | 0 | |a Nuevo cine argentino |
| 250 | |a 1a. ed | ||
| 300 | |a 318 p | ||
| 942 | |c BK | ||
| 945 | |d 20161111 10:35:00 |a arojas | ||
| 260 | |a Buenos Aires |b Paidós |c 2015 | ||
| 650 | 7 | |a CINE ARGENTINO |2 CL-VaPUC |9 526467 | |
| 650 | 0 | |a Cinematografía |9 265198 | |
| 650 | 0 | |a Historia del cine |9 265166 | |
| 583 | |a last modification |c 20161111 10:35:00 |k Rodrigo Vera | ||
| 490 | 0 | |a Paidós Comunicación Cine | |
| 999 | |c 366481 |d 366479 | ||
| 952 | |0 0 |1 0 |3 erb |4 0 |6 791_430982000000000_AND_2015 |7 0 |8 A |9 480743 |a BIBART |b BIBART |i 5347750 |o 791.430982 AND 2015 |p 5347750 |r 2025-03-13 |w 2019-11-24 |y BK |z Catalogado en:20161111 |k ART | ||